Adobe GoLive 4.0

Bibliographic Details
Format: Book
Language:English
Published: San Jose, Calif : Adobe System , c1999
Series:Classroom in a book
Subjects:

MARC

LEADER 00000cam a2200000 7i4500
001 0000009874
005 20230703.0
008 020227 cau eng
020 |a 0201658895 (pbk) 
040 |a INS 
090 0 0 |a TK5105.8885.D74   |b G74 1999 
245 1 0 |a Adobe GoLive 4.0 
260 |a San Jose, Calif :   |b Adobe System ,   |c c1999 
300 |a vi, 318 p. :   |b ill. ;   |c 26 cm. +.   |e 1 computer optical disc (4 3/4 in.) 
440 |a Classroom in a book 
500 |a Includes index 
650 0 |a Adobe GoLive 
650 0 |a Web site development 
650 0 |a Web site   |x Design 
999 |a 0000008946   |b BOOK   |c Open Shelf   |e Default branch